[Event "1st open for DUNI cup "]
[Site "Primorsko"]
[Date "2016.05.21"]
[Round "2.17"]
[White "TODOROVA, Adelina"]
[Black "GENOV, Valentin"]
[Result "0-1"]
[WhiteElo "1074"]
[BlackElo "1519"]
[PlyCount "72"]
[EventDate "2016.05.21"]
[EventType "swiss"]
[EventRounds "7"]
[EventCountry "BUL"]

1. d4 Nf6 2. Bf4 e6 3. Nf3 c5 4. e3 Nc6 5. Nc3 cxd4 6. exd4 Bb4 7. Bb5 Qa5 8.
Qd3 Nd5 9. Bd2 Bxc3 10. Bxc3 Ncb4 11. Qe2 Nxc3 12. bxc3 Nxc2+ 13. Qxc2 Qxb5 14.
Rb1 Qc6 15. O-O d6 16. Rfe1 h6 17. c4 O-O 18. c5 b6 19. Rbc1 dxc5 20. dxc5 Qxc5
21. Qe4 Qd5 22. Qg4 Bb7 23. Ne5 h5 24. Qg3 h4 25. Qg4 Rfd8 26. Nf3 Qxa2 27.
Qxh4 Bxf3 28. gxf3 Qd5 29. Rcd1 g5 30. Qh6 Qf5 31. Rxd8+ Rxd8 32. Qh5 Rd4 33.
Rc1 Kg7 34. f4 Qxf4 35. Qe2 Qxc1+ 36. Kg2 Qf4 0-1

[Event "1st open for DUNI cup "]
[Site "Primorsko"]
[Date "2016.05.21"]
[Round "2.20"]
[White "NENCHEV, Georgi"]
[Black "KAROV, Aleksandar"]
[Result "1-0"]
[WhiteElo "1457"]
[BlackElo "1019"]
[PlyCount "33"]
[EventDate "2016.05.21"]
[EventType "swiss"]
[EventRounds "7"]
[EventCountry "BUL"]

1. e4 e5 2. Nf3 Nc6 3. Bb5 d6 4. d4 Bd7 5. d5 Nce7 6. Nc3 c6 7. dxc6 Bxc6 8.
Bc4 Nf6 9. Ng5 d5 10. exd5 Nexd5 11. O-O h6 12. Nf3 e4 13. Ne5 Qc7 14. Nxc6
Qxc6 15. Bb5 Nxc3 16. Bxc6+ bxc6 17. bxc3 1-0

[Event "1st open for DUNI cup "]
[Site "Primorsko"]
[Date "2016.05.22"]
[Round "3.1"]
[White "SOILEMETZIDIS, Konstantinos"]
[Black "GENOVA, Lyubka"]
[Result "0-1"]
[WhiteElo "2000"]
[BlackElo "2193"]
[PlyCount "62"]
[EventDate "2016.05.21"]
[EventType "swiss"]
[EventRounds "7"]
[EventCountry "BUL"]

1. d4 g6 2. Nf3 Bg7 3. e4 d6 4. Bc4 Nf6 5. Qe2 c6 6. e5 dxe5 7. dxe5 Nd5 8. h3
O-O 9. Bd2 a5 10. Nc3 Na6 11. Qe4 Bf5 12. Qh4 Nxc3 13. bxc3 b5 14. Bh6 e6 15.
Ng5 Bxe5 16. Bxf8 Bxc3+ 17. Kf1 Kxf8 18. g4 Be4 19. Bxe6 Bxa1 20. Qh6+ Ke7 21.
Nxe4 Kxe6 22. Kg2 Qd5 23. f3 Bb2 24. Qe3 Kd7 25. c3 Kc7 26. Qf4+ Kb6 27. Qe3+
Kb7 28. c4 Qd4 29. Qf4 Rd8 30. c5 Nxc5 31. Qxf7+ Kb6 0-1

[Event "1st open for DUNI cup "]
[Site "Primorsko"]
[Date "2016.05.22"]
[Round "3.3"]
[White "DICHEV, Nedelcho"]
[Black "STOYANOV, Stoyan"]
[Result "0-1"]
[WhiteElo "2126"]
[BlackElo "1914"]
[PlyCount "70"]
[EventDate "2016.05.21"]
[EventType "swiss"]
[EventRounds "7"]
[EventCountry "BUL"]

1. e4 e5 2. Nf3 d5 3. d4 Nf6 4. dxe5 Nxe4 5. Nbd2 Nxd2 6. Bxd2 Be7 7. Bd3 c5 8.
c3 Bg4 9. h3 Bh5 10. Qe2 Nc6 11. g4 Bg6 12. e6 O-O 13. exf7+ Bxf7 14. O-O-O Qa5
15. Bb1 Rac8 16. Qd3 g6 17. a3 c4 18. Qc2 Be8 19. Ng5 d4 20. cxd4 Bxg5 21. f4
c3 22. Ba2+ Bf7 23. Bxf7+ Rxf7 24. Bxc3 Bxf4+ 25. Kb1 Qd5 26. h4 b5 27. h5 g5
28. Rhe1 Bd6 29. Re2 Rcf8 30. Rde1 Rf1 31. Qd2 a5 32. h6 Rxe1+ 33. Rxe1 b4 34.
Re5 Rf1+ 35. Kc2 b3+ 0-1

[Event "1st open for DUNI cup "]
[Site "Primorsko"]
[Date "2016.05.22"]
[Round "3.4"]
[White "KIRILOV, Ivaylo"]
[Black "RADEVA, Viktoria"]
[Result "1/2-1/2"]
[WhiteElo "1861"]
[BlackElo "2121"]
[PlyCount "35"]
[EventDate "2016.05.21"]
[EventType "swiss"]
[EventRounds "7"]
[EventCountry "BUL"]

1. e4 c5 2. Nf3 d6 3. d4 Nf6 4. Nc3 cxd4 5. Nxd4 a6 6. f3 e5 7. Nb3 Be6 8. Be3
h5 9. Qd2 Nbd7 10. O-O-O b5 11. Qf2 Qc7 12. Kb1 Rb8 13. Bd3 b4 14. Ne2 a5 15.
Nd2 Nc5 16. Bxc5 dxc5 17. Bc4 Bd7 18. Nf1 1/2-1/2

[Event "1st open for DUNI cup "]
[Site "Primorsko"]
[Date "2016.05.22"]
[Round "3.5"]
[White "VANDEV, Dimitar"]
[Black "SOTIROV, Nikolay"]
[Result "1/2-1/2"]
[WhiteElo "2103"]
[BlackElo "1828"]
[PlyCount "169"]
[EventDate "2016.05.21"]
[EventType "swiss"]
[EventRounds "7"]
[EventCountry "BUL"]

1. e4 c5 2. Bc4 Nc6 3. Nf3 g6 4. O-O Bg7 5. c3 d6 6. h3 Nf6 7. Bd3 O-O 8. Bc2
e5 9. d3 d5 10. Nbd2 Re8 11. Re1 Rb8 12. a4 h6 13. Nf1 Be6 14. Qe2 Qc7 15. Bd2
Rbd8 16. Ne3 d4 17. Nf1 c4 18. dxc4 Na5 19. cxd4 exd4 20. Bd3 Nb3 21. Ra3 Nxd2
22. N3xd2 Nh5 23. b3 Qe7 24. Raa1 Nf4 25. Qf3 Qg5 26. Kh1 Be5 27. Rad1 Qh4 28.
Ng3 Bg4 29. Qxg4 Qxg4 30. hxg4 Nxd3 31. Rf1 Nxf2+ 32. Rxf2 Bxg3 33. Rf3 Bc7 34.
b4 d3 35. a5 Rd4 36. g3 Bd8 37. Kg2 Bg5 38. b5 Bxd2 39. Rxd2 Rxc4 40. Rdxd3 Re7
41. Rd8+ Kg7 42. Ra8 Rc2+ 43. Rf2 Rxf2+ 44. Kxf2 b6 45. a6 Rxe4 46. Rxa7 Rb4
47. Rb7 Rxb5 48. Ke3 Rb4 49. Kf3 b5 50. a7 Ra4 51. Rxb5 Rxa7 52. Rc5 Ra3+ 53.
Kf2 Kf6 54. Rb5 Rd3 55. Ra5 Rd6 56. Kf3 Ke6 57. Rb5 Rd5 58. Rb7 Kf6 59. Ra7
Rd3+ 60. Kf2 Rb3 61. Rc7 Rb6 62. Kf3 Re6 63. Ra7 Kg7 64. Rb7 Rf6+ 65. Kg2 Ra6
66. Kf3 g5 67. Rc7 Kg6 68. Rb7 f6 69. Rc7 Ra3+ 70. Kg2 h5 71. gxh5+ Kxh5 72.
Rc4 f5 73. Rb4 Re3 74. g4+ fxg4 75. Rb8 g3 76. Rb4 Kg6 77. Ra4 Kf5 78. Rb4 g4
79. Ra4 Kg5 80. Ra8 Rf3 81. Rg8+ Kf5 82. Rf8+ Ke4 83. Re8+ Kf4 84. Rf8+ Ke3 85.
Re8+ 1/2-1/2

[Event "1st open for DUNI cup "]
[Site "Primorsko"]
[Date "2016.05.22"]
[Round "3.6"]
[White "PANAYOTOV, Yanko"]
[Black "KOLEV, Lachezar"]
[Result "1-0"]
[WhiteElo "2172"]
[BlackElo "1883"]
[PlyCount "89"]
[EventDate "2016.05.21"]
[EventType "swiss"]
[EventRounds "7"]
[EventCountry "BUL"]

1. Nf3 Nf6 2. d4 e6 3. Bg5 Be7 4. Nbd2 c5 5. e3 O-O 6. Bd3 d5 7. c3 b6 8. Ne5
h6 9. Bh4 Bb7 10. O-O Nc6 11. f4 Nxe5 12. fxe5 Ne4 13. Bxe7 Qxe7 14. Bxe4 dxe4
15. Qg4 Qg5 16. Rf4 cxd4 17. exd4 f5 18. exf6 Rxf6 19. Qxg5 hxg5 20. Rff1 Raf8
21. Rae1 Rf5 22. Re3 Rxf1+ 23. Nxf1 e5 24. dxe5 Re8 25. Nd2 Rxe5 26. Kf2 Kf7
27. Nc4 Re6 28. Re1 Ba6 29. Rxe4 Rxe4 30. Nd6+ Ke6 31. Nxe4 Kf5 32. Ke3 g4 33.
g3 Ke5 34. b3 Bb7 35. Nf2 Bc8 36. Nd3+ Kf5 37. Kd4 g5 38. c4 Bb7 39. Nb4 Ba8
40. Nd5 Kg6 41. Ke5 Bb7 42. b4 Ba8 43. c5 bxc5 44. bxc5 Bb7 45. c6 1-0

[Event "1st open for DUNI cup "]
[Site "Primorsko"]
[Date "2016.05.22"]
[Round "3.8"]
[White "HRISTOV, Krasimir Iv"]
[Black "IVANOV, Iliyan"]
[Result "1-0"]
[WhiteElo "1888"]
[BlackElo "1521"]
[PlyCount "93"]
[EventDate "2016.05.21"]
[EventType "swiss"]
[EventRounds "7"]
[EventCountry "BUL"]

1. Nf3 Nf6 2. b3 d6 3. d4 c6 4. Bb2 Bg4 5. e3 Nbd7 6. Be2 Qc7 7. Nbd2 e5 8.
dxe5 dxe5 9. O-O Be7 10. h3 Bh5 11. Nh4 Bxe2 12. Qxe2 g6 13. Nhf3 O-O 14. Nc4
e4 15. Nfe5 b5 16. Nxd7 Nxd7 17. Nd2 f5 18. a4 a6 19. Rfd1 Ne5 20. Nf1 Bf6 21.
Bd4 c5 22. Bxe5 Bxe5 23. Rab1 Qc6 24. axb5 axb5 25. c4 b4 26. Rd5 Qc7 27. Rbd1
Rfd8 28. Qd2 Bf6 29. Ng3 Kf8 30. Ne2 Ke8 31. Nf4 Qe7 32. Qc2 Bg5 33. Rxd8+ Rxd8
34. Nd5 Qe5 35. Qa2 Be7 36. Qa7 Rd7 37. Nf6+ Qxf6 38. Rxd7 g5 39. Rc7 f4 40.
Rc8+ Kf7 41. Qa8 fxe3 42. fxe3 Qd6 43. Qd5+ Qxd5 44. cxd5 Kf6 45. Rc6+ Ke5 46.
Re6+ Kxd5 47. Rxe7 1-0

[Event "1st open for DUNI cup "]
[Site "Primorsko"]
[Date "2016.05.22"]
[Round "3.20"]
[White "KLISAROV, Todor"]
[Black "NIKOLOV, Petar Vasilev"]
[Result "0-1"]
[WhiteElo "1506"]
[BlackElo "1709"]
[PlyCount "42"]
[EventDate "2016.05.21"]
[EventType "swiss"]
[EventRounds "7"]
[EventCountry "BUL"]

1. e4 e5 2. Bc4 Be7 3. Nf3 d6 4. c3 Nf6 5. d3 c6 6. h3 O-O 7. Be3 h6 8. Nbd2 b5
9. Bb3 Na6 10. d4 Qc7 11. Nh4 d5 12. Qf3 Nxe4 13. Nf5 Bxf5 14. Qxf5 Nxd2 15.
Bxd2 e4 16. Bc2 Qc8 17. Qe5 Qe6 18. Qg3 Bd6 19. Qg4 f5 20. Qh5 f4 21. O-O-O Nc7
0-1

[Event "1st open for DUNI cup "]
[Site "Primorsko"]
[Date "2016.05.22"]
[Round "4.1"]
[White "GENOVA, Lyubka"]
[Black "STOYANOV, Stoyan"]
[Result "1-0"]
[WhiteElo "2193"]
[BlackElo "1914"]
[PlyCount "77"]
[EventDate "2016.05.21"]
[EventType "swiss"]
[EventRounds "7"]
[EventCountry "BUL"]

1. b3 d5 2. Bb2 Bf5 3. Nf3 Nc6 4. e3 e6 5. Be2 Nf6 6. O-O Bd6 7. a3 e5 8. c4
Qe7 9. cxd5 Nxd5 10. d3 Bg6 11. b4 f5 12. b5 Nd8 13. Nbd2 e4 14. dxe4 fxe4 15.
Nd4 O-O 16. Nc4 Nf7 17. Nxd6 Qxd6 18. Nb3 Rad8 19. Qd4 Qf6 20. Qxf6 Nxf6 21.
Rfc1 Rd7 22. Rc2 Nd6 23. Rac1 Nd5 24. Be5 Nf7 25. Bxc7 Nxc7 26. Rxc7 Rfd8 27.
Rxd7 Rxd7 28. Rc8+ Nd8 29. Nd4 Kf7 30. h4 Ke7 31. Bg4 Rd5 32. Ra8 Be8 33. a4 h5
34. Bh3 a6 35. bxa6 bxa6 36. Rxa6 g5 37. Nf5+ Kf8 38. hxg5 Bd7 39. Rf6+ 1-0

[Event "1st open for DUNI cup "]
[Site "Primorsko"]
[Date "2016.05.22"]
[Round "4.2"]
[White "SOTIROV, Nikolay"]
[Black "PANAYOTOV, Yanko"]
[Result "0-1"]
[WhiteElo "1828"]
[BlackElo "2172"]
[PlyCount "40"]
[EventDate "2016.05.21"]
[EventType "swiss"]
[EventRounds "7"]
[EventCountry "BUL"]

1. e4 c5 2. c3 d6 3. d4 Nf6 4. dxc5 Nc6 5. Nf3 Nxe4 6. cxd6 Nxd6 7. Bf4 Bg4 8.
Be2 e6 9. Qa4 Bh5 10. Na3 f6 11. Rd1 e5 12. Be3 Qc7 13. Bc5 Rd8 14. O-O a6 15.
Nc4 Nxc4 16. Rxd8+ Qxd8 17. Bxf8 Nb6 18. Qa3 Rxf8 19. Rd1 Qc7 20. Qc5 Rf7 0-1

[Event "1st open for DUNI cup "]
[Site "Primorsko"]
[Date "2016.05.22"]
[Round "4.3"]
[White "ANDREEV, Stanislav"]
[Black "KIRILOV, Ivaylo"]
[Result "1/2-1/2"]
[WhiteElo "2148"]
[BlackElo "1861"]
[PlyCount "41"]
[EventDate "2016.05.21"]
[EventType "swiss"]
[EventRounds "7"]
[EventCountry "BUL"]

1. d4 Nf6 2. c4 g6 3. Nc3 Bg7 4. e4 d6 5. f3 c6 6. Be3 a6 7. a4 a5 8. Bd3 Na6
9. Rc1 e5 10. Nge2 O-O 11. O-O Nh5 12. Qd2 f5 13. f4 Nxf4 14. Nxf4 exf4 15.
Rxf4 g5 16. Rff1 f4 17. Bf2 g4 18. g3 f3 19. Be3 Nc7 20. Rf2 Ne6 21. Bb1
1/2-1/2

[Event "1st open for DUNI cup "]
[Site "Primorsko"]
[Date "2016.05.22"]
[Round "4.4"]
[White "RADEVA, Viktoria"]
[Black "TSONEV, Kiril"]
[Result "1-0"]
[WhiteElo "2121"]
[BlackElo "1969"]
[PlyCount "77"]
[EventDate "2016.05.21"]
[EventType "swiss"]
[EventRounds "7"]
[EventCountry "BUL"]

1. e4 e5 2. Nf3 Nc6 3. d4 exd4 4. Nxd4 Bc5 5. Be3 Nxd4 6. Bxd4 Bxd4 7. Qxd4 Qf6
8. c3 Qxd4 9. cxd4 d6 10. Nc3 c6 11. Bd3 Nf6 12. O-O O-O 13. f4 Rd8 14. Rae1
Bd7 15. f5 c5 16. dxc5 dxc5 17. e5 Bc6 18. Bc4 Nd5 19. e6 Nxc3 20. exf7+ Kf8
21. bxc3 b5 22. Be6 Rd2 23. Rf2 Rad8 24. Rfe2 c4 25. Kf2 R8d3 26. a4 a6 27.
axb5 Bxb5 28. Rxd2 Rxd2+ 29. Re2 Rd3 30. Re5 Rd8 31. Rc5 Ke7 32. g4 g6 33. Ke3
gxf5 34. gxf5 Kf8 35. Kf4 Rb8 36. Re5 a5 37. Re1 a4 38. Rg1 Ke7 39. Ke5 1-0

[Event "1st open for DUNI cup "]
[Site "Primorsko"]
[Date "2016.05.22"]
[Round "4.7"]
[White "KARTALOV, Kiril"]
[Black "SOILEMETZIDIS, Konstantinos"]
[Result "0-1"]
[WhiteElo "1674"]
[BlackElo "2000"]
[PlyCount "92"]
[EventDate "2016.05.21"]
[EventType "swiss"]
[EventRounds "7"]
[EventCountry "BUL"]

1. f4 e5 2. d3 Nc6 3. e4 Nf6 4. Nf3 exf4 5. Bxf4 d5 6. exd5 Nxd5 7. Bc1 Bd6 8.
Be2 Bg4 9. O-O Qe7 10. Nc3 Ne3 11. Bxe3 Qxe3+ 12. Kh1 Qh6 13. Qe1 O-O-O 14. Qh4
Qg6 15. Ng1 h5 16. Qf2 f6 17. Bf3 Ne7 18. Qxa7 Nf5 19. Bxb7+ Kd7 20. Qa4+ Ke7
21. Rae1+ Kf8 22. Ne4 h4 23. Nxd6 cxd6 24. Rxf5 Qxf5 25. Qe4 Qd7 26. Bc6 Qc7
27. Qa4 h3 28. gxh3 Bxh3 29. Bf3 Bd7 30. Qc4 Qa5 31. Re2 Re8 32. Qd4 Rxe2 33.
Bxe2 Bc6+ 34. Bf3 Qc7 35. Kg2 Bxf3+ 36. Nxf3 Qxc2+ 37. Kg3 Qc6 38. Nh4 Rh5 39.
Nf3 Rh6 40. h4 Rg6+ 41. Kf4 Qd7 42. Ke3 Rg2 43. h5 d5 44. h6 Qe6+ 45. Ne5 Qxe5+
46. Qxe5 fxe5 0-1

[Event "1st open for DUNI cup "]
[Site "Primorsko"]
[Date "2016.05.22"]
[Round "4.8"]
[White "IVANOV, Oleg M"]
[Black "HRISTOV, Krasimir Iv"]
[Result "1/2-1/2"]
[WhiteElo "1625"]
[BlackElo "1888"]
[PlyCount "62"]
[EventDate "2016.05.21"]
[EventType "swiss"]
[EventRounds "7"]
[EventCountry "BUL"]

1. Nf3 f5 2. c4 Nf6 3. Nc3 e6 4. d4 Bb4 5. a3 Bxc3+ 6. bxc3 Ne4 7. Qc2 b6 8. g3
O-O 9. Bg2 Ba6 10. Nd2 d5 11. Nxe4 fxe4 12. cxd5 exd5 13. O-O Nc6 14. f3 exf3
15. Rxf3 Bc4 16. Bf4 Qe7 17. e4 dxe4 18. Re3 Rae8 19. Bxe4 Qd7 20. Bxh7+ Kh8
21. Be4 Ne7 22. Qd1 Bf7 23. Qe2 Nd5 24. Bxd5 Rxe3 25. Bxe3 Bxd5 26. Bf4 Bb7 27.
Qh5+ Kg8 28. Re1 Qc6 29. Qh3 Qh1+ 30. Kf2 Qf3+ 31. Kg1 Qh1+ 1/2-1/2

[Event "1st open for DUNI cup "]
[Site "Primorsko"]
[Date "2016.05.22"]
[Round "4.11"]
[White "KOLEV, Lachezar"]
[Black "VASILEVA, Tsveta"]
[Result "0-1"]
[WhiteElo "1883"]
[BlackElo "1573"]
[PlyCount "100"]
[EventDate "2016.05.21"]
[EventType "swiss"]
[EventRounds "7"]
[EventCountry "BUL"]

1. e4 e5 2. Nf3 Nc6 3. Nc3 Nf6 4. d4 exd4 5. Nxd4 d6 6. Bc4 Ne5 7. Bb3 c5 8.
Ba4+ Bd7 9. Bxd7+ Qxd7 10. Nf3 Be7 11. O-O O-O 12. Bf4 Ng6 13. Bg3 Rad8 14. Nd2
b5 15. f4 b4 16. Nd5 Nxd5 17. exd5 f5 18. Nc4 Bf6 19. Qd3 Rfe8 20. Rfe1 Bd4+
21. Kh1 Re7 22. c3 bxc3 23. bxc3 Bf6 24. Rxe7 Nxe7 25. Re1 Qb7 26. Rd1 Qd7 27.
h3 g6 28. Qe2 Bxc3 29. Bh4 Kf7 30. Rc1 Bf6 31. Bxf6 Kxf6 32. Qd3 Qb7 33. Ne3
Rb8 34. Rc2 Qb1+ 35. Kh2 Kf7 36. Nc4 Nc8 37. g4 fxg4 38. hxg4 Qe1 39. Kh3 Rb1
40. f5 g5 41. f6 Qh4+ 42. Kg2 Qxg4+ 43. Kh2 Qh4+ 44. Kg2 Qh1+ 45. Kf2 Qh4+ 46.
Kg2 Qh1+ 47. Kf2 Qg1+ 48. Ke2 Qf1+ 49. Ke3 Re1+ 50. Re2 Qf4# 0-1

[Event "1st open for DUNI cup "]
[Site "Primorsko"]
[Date "2016.05.22"]
[Round "4.12"]
[White "SIMEONOV, Svetoslav"]
[Black "GENOV, Valentin"]
[Result "0-1"]
[WhiteElo "1787"]
[BlackElo "1519"]
[PlyCount "62"]
[EventDate "2016.05.21"]
[EventType "swiss"]
[EventRounds "7"]
[EventCountry "BUL"]

1. c4 c5 2. Nc3 Nf6 3. g3 g6 4. Bg2 Bg7 5. e3 O-O 6. Nge2 d6 7. O-O Nc6 8. d4
cxd4 9. exd4 Bf5 10. a3 Rc8 11. b4 Qd7 12. Bb2 Rfd8 13. Qb3 h6 14. Rad1 Qc7 15.
Rc1 Qd7 16. Rfd1 Qe8 17. h3 h5 18. Nf4 e5 19. dxe5 dxe5 20. Nfd5 Nd4 21. Qa2
Nxd5 22. Bxd5 Bh6 23. f4 exf4 24. Kf1 Bxh3+ 25. Bg2 Bxg2+ 26. Kxg2 f3+ 27. Kh2
Bxc1 28. Bxc1 Nf5 29. Nd5 Qe2+ 30. Qxe2 fxe2 31. Re1 Rxc4 0-1

[Event "1st open for DUNI cup "]
[Site "Primorsko"]
[Date "2016.05.22"]
[Round "4.14"]
[White "CHITAKOVA, Galya"]
[Black "ZHELEV, Mavri"]
[Result "0-1"]
[WhiteElo "1567"]
[BlackElo "1768"]
[PlyCount "120"]
[EventDate "2016.05.21"]
[EventType "swiss"]
[EventRounds "7"]
[EventCountry "BUL"]

1. e4 c6 2. d4 d6 3. Nf3 Bg4 4. Be2 Nd7 5. Bf4 Bxf3 6. Bxf3 e5 7. Be3 Ngf6 8.
Nc3 Be7 9. d5 c5 10. O-O O-O 11. Ne2 b5 12. Ng3 Re8 13. Nf5 Bf8 14. b3 a5 15.
c4 bxc4 16. bxc4 Nb6 17. Qd3 Qc7 18. Bg5 Nbd7 19. Bd1 Reb8 20. Ba4 Rb4 21. Bxd7
Nxd7 22. Rab1 Rab8 23. a3 R4b7 24. Rxb7 Qxb7 25. Be7 Bxe7 26. Nxe7+ Kf8 27. Nf5
Qb3 28. Qxb3 Rxb3 29. Nxd6 Rxa3 30. Rb1 a4 31. Kf1 Rb3 32. Rxb3 axb3 33. Nb5 b2
34. Na3 Nb6 35. Ke2 Nxc4 36. Nb1 Nd6 37. Kd3 c4+ 38. Kc3 Nxe4+ 39. Kxb2 Nxf2
40. Kc3 Ng4 41. Kxc4 Ke7 42. Kc5 Nxh2 43. d6+ Kd7 44. Nc3 Ng4 45. Nd5 Nf6 46.
Nb6+ Ke6 47. Kc6 e4 48. d7 Nxd7 49. Nxd7 e3 50. Nc5+ Ke5 51. Nd3+ Ke4 52. Ne1
e2 53. Kd6 f5 54. Ke6 g6 55. Kf6 Ke3 56. Kg7 Kf2 57. Nd3+ Kxg2 58. Kxh7 Kf1 59.
Kxg6 f4 60. Kg5 f3 0-1

[Event "1st open for DUNI cup "]
[Site "Primorsko"]
[Date "2016.05.22"]
[Round "4.17"]
[White "IVANOV, Iliyan"]
[Black "LENKOVA, Lyubomira"]
[Result "1-0"]
[WhiteElo "1521"]
[BlackElo "1306"]
[PlyCount "31"]
[EventDate "2016.05.21"]
[EventType "swiss"]
[EventRounds "7"]
[EventCountry "BUL"]

1. e4 e5 2. Nf3 Nf6 3. Nc3 Nc6 4. Nxe5 Nxe5 5. d4 Nc6 6. d5 Ne5 7. f4 Ng6 8. e5
Ng8 9. d6 cxd6 10. exd6 a6 11. Qe2+ N8e7 12. Bd2 Qb6 13. dxe7 Bxe7 14. f5 Nf8
15. Nd5 Qd6 16. Bb4 1-0

[Event "1st open for DUNI cup "]
[Site "Primorsko"]
[Date "2016.05.23"]
[Round "5.1"]
[White "PANAYOTOV, Yanko"]
[Black "GENOVA, Lyubka"]
[Result "1/2-1/2"]
[WhiteElo "2172"]
[BlackElo "2193"]
[PlyCount "91"]
[EventDate "2016.05.21"]
[EventType "swiss"]
[EventRounds "7"]
[EventCountry "BUL"]

1. e4 c5 2. Nf3 e6 3. c4 Nc6 4. Nc3 Nf6 5. d4 cxd4 6. Nxd4 Bb4 7. Nxc6 bxc6 8.
Bd3 e5 9. O-O O-O 10. Be3 Qe7 11. Na4 d6 12. a3 Ba5 13. b4 Bc7 14. h3 Rd8 15.
Qf3 h6 16. Nc3 Bb6 17. b5 Bxe3 18. fxe3 Bb7 19. a4 Rac8 20. Rac1 Qc7 21. Qg3
Kh8 22. Qh4 Nh7 23. Qh5 f6 24. h4 Qb6 25. Rf3 Rc7 26. Kh2 a6 27. bxc6 Bxc6 28.
Nd5 Bxd5 29. exd5 e4 30. Bxe4 Qb2 31. Rc2 Qe5+ 32. Qxe5 fxe5 33. Bxh7 Kxh7 34.
e4 Rdc8 35. Rfc3 Rc5 36. Kg3 h5 37. Kf3 Rb8 38. Ke3 Rb4 39. Kd3 Kg6 40. a5 Rxa5
41. c5 Rd4+ 42. Ke3 dxc5 43. Rxc5 Raa4 44. g3 Rxe4+ 45. Kf3 Red4 46. Re2
1/2-1/2

[Event "1st open for DUNI cup "]
[Site "Primorsko"]
[Date "2016.05.23"]
[Round "5.2"]
[White "VANDEV, Dimitar"]
[Black "RADEVA, Viktoria"]
[Result "1-0"]
[WhiteElo "2103"]
[BlackElo "2121"]
[PlyCount "119"]
[EventDate "2016.05.21"]
[EventType "swiss"]
[EventRounds "7"]
[EventCountry "BUL"]

1. e4 c6 2. Nc3 d5 3. Qf3 e6 4. Qg3 dxe4 5. Nxe4 Nf6 6. d3 Nxe4 7. dxe4 Qd6 8.
Qxd6 Bxd6 9. Be3 O-O 10. O-O-O Be7 11. f4 Nd7 12. Nf3 Nf6 13. Bd3 b6 14. c4 Rd8
15. e5 Ng4 16. Bg1 Bb7 17. h3 Nh6 18. Bf2 c5 19. Rhe1 Nf5 20. Be4 Rxd1+ 21.
Kxd1 Rd8+ 22. Kc2 Bxe4+ 23. Rxe4 Bf8 24. Re2 Ne7 25. Rd2 Rxd2+ 26. Nxd2 Nc6 27.
a3 g5 28. Kd3 gxf4 29. Ke4 Bg7 30. Nf3 Na5 31. Nd2 Nc6 32. Nf3 f6 33. Be1 f5+
34. Kxf4 Bh6+ 35. Kg3 Be3 36. Bc3 Nd4 37. Bxd4 cxd4 38. Ne1 Kf7 39. Kf3 Ke7 40.
b4 Bc1 41. a4 Bd2 42. Nd3 Kd7 43. b5 Ba5 44. c5 bxc5 45. Nxc5+ Ke7 46. Nb3 Bc3
47. a5 d3 48. b6 a6 49. Nc5 Bxa5 50. b7 Bc7 51. Nxa6 Bxe5 52. Ke3 Kf6 53. Kxd3
Kg5 54. Ke3 Kh4 55. Kf3 h5 56. b8=Q Bxb8 57. Nxb8 e5 58. Nc6 e4+ 59. Kf4 e3 60.
Nd4 1-0

[Event "1st open for DUNI cup "]
[Site "Primorsko"]
[Date "2016.05.23"]
[Round "5.3"]
[White "STOYANOV, Stoyan"]
[Black "ANDREEV, Stanislav"]
[Result "0-1"]
[WhiteElo "1914"]
[BlackElo "2148"]
[PlyCount "72"]
[EventDate "2016.05.21"]
[EventType "swiss"]
[EventRounds "7"]
[EventCountry "BUL"]

1. e4 c6 2. d4 d5 3. Nd2 dxe4 4. Nxe4 Nd7 5. Nf3 Ngf6 6. Ng3 e6 7. Bd3 Bd6 8.
c4 b6 9. O-O O-O 10. Bd2 Bb7 11. b4 c5 12. bxc5 bxc5 13. Bc3 Qc7 14. Re1 Bf4
15. Rb1 Rfd8 16. Qe2 Rab8 17. Ne5 Re8 18. Nh5 Bh6 19. Nxd7 Nxd7 20. Qg4 g6 21.
d5 f5 22. Qh4 gxh5 23. Qxh5 Bg7 24. Bxg7 Kxg7 25. Bxf5 Nf8 26. dxe6 Ng6 27.
Red1 Bc8 28. Rxb8 Qxb8 29. Qh3 Qe5 30. f4 Qxf4 31. Qc3+ Qe5 32. Rd7+ Bxd7 33.
exd7 Rd8 34. Qa5 Nf4 35. h3 Ne2+ 36. Kf2 Qxf5+ 0-1

[Event "1st open for DUNI cup "]
[Site "Primorsko"]
[Date "2016.05.23"]
[Round "5.4"]
[White "DICHEV, Nedelcho"]
[Black "KIRILOV, Ivaylo"]
[Result "1/2-1/2"]
[WhiteElo "2126"]
[BlackElo "1861"]
[PlyCount "43"]
[EventDate "2016.05.21"]
[EventType "swiss"]
[EventRounds "7"]
[EventCountry "BUL"]

1. c4 Nf6 2. Nc3 g6 3. g3 Bg7 4. Bg2 d6 5. e4 e5 6. Nge2 O-O 7. d3 Nc6 8. O-O
Ne8 9. Nd5 Be6 10. Be3 Ne7 11. Qd2 c6 12. Nxe7+ Qxe7 13. Bh6 f5 14. Bxg7 Qxg7
15. Rac1 Nf6 16. Rc2 Qd7 17. f4 Qc7 18. Bh3 Qd7 19. Bg2 Qc7 20. Bh3 Qd7 21. Bg2
Qe7 22. Qc3 1/2-1/2

[Event "1st open for DUNI cup "]
[Site "Primorsko"]
[Date "2016.05.23"]
[Round "5.5"]
[White "KAMENOV, Valentin"]
[Black "SOILEMETZIDIS, Konstantinos"]
[Result "0-1"]
[WhiteElo "1819"]
[BlackElo "2000"]
[PlyCount "92"]
[EventDate "2016.05.21"]
[EventType "swiss"]
[EventRounds "7"]
[EventCountry "BUL"]

1. e4 g6 2. d4 Bg7 3. Nf3 c6 4. Bd3 d5 5. exd5 cxd5 6. h3 Nc6 7. c3 Nf6 8. Nbd2
O-O 9. O-O Bf5 10. Bxf5 gxf5 11. Re1 Ne4 12. Nf1 Qc7 13. N3h2 e6 14. Qh5 Ne7
15. Bh6 Bxh6 16. Qxh6 Ng6 17. f3 Ng3 18. Nxg3 Qxg3 19. Nf1 Qf4 20. Qxf4 Nxf4
21. Rad1 Rfc8 22. Kh2 a5 23. g4 fxg4 24. hxg4 b5 25. Kg3 Ng6 26. a3 b4 27. axb4
axb4 28. Re3 Ra2 29. Rd2 Ra1 30. Kf2 bxc3 31. Rxc3 Rxc3 32. bxc3 Rc1 33. Rd3
Nf4 34. Re3 Rc2+ 35. Kg3 Ne2+ 36. Kh4 Nxc3 37. Ng3 Nb5 38. Kg5 Nxd4 39. f4 Rb2
40. Nh5 Rb3 41. Rxb3 Nxb3 42. Nf6+ Kg7 43. Nh5+ Kf8 44. f5 d4 45. fxe6 d3 46.
Ng3 d2 0-1

[Event "1st open for DUNI cup "]
[Site "Primorsko"]
[Date "2016.05.23"]
[Round "5.7"]
[White "TSONEV, Kiril"]
[Black "IVANOV, Oleg M"]
[Result "1-0"]
[WhiteElo "1969"]
[BlackElo "1625"]
[PlyCount "63"]
[EventDate "2016.05.21"]
[EventType "swiss"]
[EventRounds "7"]
[EventCountry "BUL"]

1. e4 e5 2. Nf3 d5 3. exd5 e4 4. Nd4 Nf6 5. Bb5+ Bd7 6. Qe2 Bc5 7. Nb3 Bb6 8.
d4 O-O 9. Bxd7 Qxd7 10. c4 c6 11. c5 Bd8 12. d6 Qg4 13. Qxg4 Nxg4 14. h3 Nf6
15. O-O Nd5 16. Nc3 Nxc3 17. bxc3 f5 18. Bf4 Nd7 19. Rfd1 b5 20. a4 Rb8 21.
axb5 Rxb5 22. Rxa7 Rf7 23. Ra3 g5 24. Be5 Kf8 25. c4 Rb8 26. Rda1 Ke8 27. Kf1
Rb4 28. Na5 Bxa5 29. Rxa5 Rb8 30. Ra8 Kd8 31. R1a7 Kc8 32. Rc7+ 1-0

[Event "1st open for DUNI cup "]
[Site "Primorsko"]
[Date "2016.05.23"]
[Round "5.11"]
[White "GENOV, Valentin"]
[Black "NIKOLOV, Petar Vasilev"]
[Result "1-0"]
[WhiteElo "1519"]
[BlackElo "1709"]
[PlyCount "45"]
[EventDate "2016.05.21"]
[EventType "swiss"]
[EventRounds "7"]
[EventCountry "BUL"]

1. d4 d5 2. c4 c6 3. Nc3 e6 4. Nf3 Be7 5. Bf4 Nf6 6. e3 O-O 7. Qc2 Nbd7 8. cxd5
cxd5 9. Bd3 h6 10. h3 Nh5 11. Bh2 f5 12. O-O Nhf6 13. Nb5 Ne4 14. Nc7 Nb6 15.
Nxa8 Nxa8 16. Rac1 Bd6 17. Bxd6 Qxd6 18. Qxc8 Rxc8 19. Rxc8+ Kh7 20. Rxa8 a6
21. Bxe4 dxe4 22. Ne5 Qb6 23. Rc1 1-0